Visualizzazione normale
Vista MARC
- Izquierdo, César,
di Personal Name
Records bibliografici associati: 3
001 - CONTROL NUMBER
- control field: 4302
003 - CONTROL NUMBER IDENTIFIER
- control field: IT-RoINE
005 - DATE AND TIME OF LATEST TRANSACTION
- control field: 20140304114748.0
008 - FIXED-LENGTH DATA ELEMENTS
- fixed length control field: 140304|| aca||aabn | a|a d
040 ## - CATALOGING SOURCE
- Original cataloging agency: IT-RoINE
- Transcribing agency: IT-RoINE
100 ## - HEADING--PERSONAL NAME
- Personal name: Izquierdo, César,
- Dates associated with a name: 1953-
670 ## - SOURCE DATA FOUND
- Source citation: Work cat.: (IT-RoINE)0: Teología fundamental :, 1999.